000 01216naa a22003497a 4500
001 BR7900241
003 BR-BrBNA
005 20240918174305.0
007 ta
008 230509b bl.||||| |||| 00| 0 por d
040 _aBR-BrBNA
_bpor
_cBiblioteca Nacional de Agricultura
041 _a(Pt)
072 _aF30
_b0120
_bG514
090 _aF30 BR7900241
100 1 _aBresolin, M.
100 1 _aDavid, I.K.
100 1 _aBatistela, A.A.C.
100 1 _aOliveira, J.V.
100 1 _aSilva, L.C.M. da
100 1 _aGuadagnin, J.P.
111 1 _a11. Reuniao Brasileira de Milho e Sorgo
_cPiracicaba, SP (Brazil)
_d26 Jul 1976
245 1 _aEnsaio estadual de hibridos comerciais de milho (Zea mays L.)[competicao de variedade, Brasil]
260 3 _aPiracicaba, SP (Brasil):
_c1978.
500 _aAnais da 11. Reuniao Brasileira de Milho e Sorgo Piracicaba, SP (Brasil): 1978. p. 185-192 (BR7900241-AM)F30
650 _aMILHO
650 _aHIBRIDO
650 _aVARIEDADE
650 _aCOMPETICAO DE VARIEDADE
773 0 _tAnais da 11. Reuniao Brasileira de Milho e Sorgo
_wF30 BR7900241
_gPiracicaba, SP (Brasil), 1978. p. 185-192
909 _a202404
_bLucia
_c55
_dLucia Elande
942 _cAM
_2AGRIS
999 _c310156
_d310156